000 00368nam a22001457a 4500
008 230227b |||||||| |||| 00| 0 eng d
020 _a978-1-83885-965-7
082 _a158.1
100 _aMatt Haig
245 _aThe Comfort Book
_cMatt Haig
260 _bCanongate Books
_c2022
300 _a260 p.
_c18.3 cm
942 _2ddc
999 _c9332
_d9333